000 00670nam a2200217 a 4500
999 _c10409
_d10409
001 10409
003 BD-JhCC
005 20190925134018.0
008 180425s20012016bg |||| ||a| 000 0 ben d
035 _a(BD-JhCC)10409
040 _aBD-JhCC
_dBD-JhCC
041 _aben
082 _a297
_bHAQ 2001
100 _aহক, হযরত মাওলানা শামছুল
245 _aভুল সংশোধন /
_cহযরত মাওলানা শামছুল হক
260 _aঢাকা :
_bআল-আশরাফ প্রকাশনী,
_c2001.
300 _a124 p. :
_c22 cm.
650 _aIslam
942 _2ddc
_cBK
_01